| 000 | 00533nam a22001817a 4500 | ||
|---|---|---|---|
| 003 | CEME | ||
| 005 | 20210628203923.0 | ||
| 008 | 210308b xxu||||| |||| 00| 0 eng d | ||
| 020 | _a0-471-91877-6 | ||
| 040 | _c. | ||
| 082 | _a629.83 FUR'S | ||
| 100 |
_aAtherton, Derek , Furuta, Katsuhisa , Sons, Arika _967857 |
||
| 245 | _aState variable methods in automatic control | ||
| 260 |
_aNEWYORK _bJOHN WILEY _c1988 |
||
| 300 | _a212P | ||
| 650 |
_aSYSTEM ANALYSIS CONTROL THEORY MATHEMATICAL OPTIMIZATION _967858 |
||
| 942 |
_cBK _2ddc |
||
| 999 |
_c575543 _d575543 |
||